Responses for Show #1827 - Tuesday, July 7, 1992

1992 Seniors Tournament quarterfinal game 2.

Contestants

[<< previous game]

Hugh Mulvaney, a technical writer from Plainfield, New Jersey

Carolyn Meek, a high school English teacher from Houston, Texas

Jim Baehler, a negotiations consultant from New York City, New York

[next game >>]

Jeopardy! Round responses

ART
SONG LYRICS
COLORFUL FOOD
NATURE
GUINNESS RECORDS
ANAGRAMS
    $100 17
Remington

Jim
    $100 1
my heart

Hugh
    $100 6
greens

Carolyn
    $100 22
algae

Carolyn
    $100 11
an omelet

Carolyn
    $100 12
adobe (from abode)

Jim
    $200 18
(Diego) Rivera

Carolyn
    $200 2
"Misty"

Triple Stumper
    $200 7
(Carolyn: What is sugar cane?)

molasses

JimCarolyn
    $200 23
a dandelion

Jim
    $200 27
sand

Carolyn
    $200 13
maple (from ample)

Jim
    $300 19
abstract

Hugh
    $500 3
"Give My Regards To Broadway"

Hugh
    $300 8
blackened

Hugh
    $300 24
cactus

Carolyn
    $300 28
a crossword puzzle

Jim
    $300 14
Andes (from sedan)

Triple Stumper
    $400 20
Paul Klee

Carolyn
    $400 4
tall & tan

Hugh
    $400 9
(Jim: What is dark chocolate?)

white chocolate

JimCarolyn
    $400 25
(Alex: We have less than a minute to go.)

the epidermis

Carolyn
    $400 29
a doll

Carolyn
    $400 15
a cloud (from could)

Hugh
    $500 21
(Édouard) Manet

Carolyn
    $500 5
a petunia

Carolyn
    $500 10
Blue Point

Jim
    $500 26
oak

Triple Stumper
    $500 30
a psalm

Hugh
    $500 16
vowels (from wolves)

Triple Stumper

Scores at the first commercial break (after clue 14):

Jim Carolyn Hugh
$600 $900 $1,300

Scores at the end of the Jeopardy! Round:

Jim Carolyn Hugh
$1,200 $3,400 $2,500

Double Jeopardy! Round responses

THE HUMAN BODY
FILMS OF THE '40s
AUTHORS
THE 1930s
BUSINESS & INDUSTRY
WORLD CAPITALS
    $200 17
the cranium

Jim
    $200 7
Miracle on 34th Street

Jim
    $200 2
Richmond

Carolyn
    $200 22
night baseball

Hugh
    $200 1
Federal Express

Carolyn
    $200 18
(Jim: What is Lima?)

Mexico City

JimHugh
    $400 27
the crown

Jim
    $400 8
Johnny Belinda

Hugh
    $400 3
Damon Runyon

Jim
    $400 24
the Lincoln Tunnel

Jim
    $400 12
(Jim: What is IT&T?)
(Carolyn: What is AT&T?)

MCI

JimCarolynHugh
    $400 26
Bern

Carolyn
    $600 28
hemoglobin

Jim
    $600 9
The Ghost and Mrs. Muir

Carolyn
    $600 4
Thomas Paine

Jim
    $1,000 25
(Alex: [Prior to the wager] We have less than a minute to go in this round.)

Nine Old Men

Jim
    $600 13
Price Waterhouse

Jim
    $600 16
Buenos Aires

Carolyn
    $800 29
the spleen

Carolyn
    $800 10
Alan Ladd

Jim
    $800 5
(James Fenimore) Cooper

Hugh
    $800 21
Austria

Jim
    $800 14
American Express

Hugh
    $800 19
Jakarta

Hugh
    $1000 30
the thyroid

Jim
    $2,000 11
Larry Parks

Jim
    $1000 6
Gertrude Stein

Carolyn
    $1000 23
salt

Jim
    $1000 15
Citicorp

Hugh
    $1000 20
(Jim: What is Helsinki?)
(Carolyn: What is Berlin?)

Oslo

JimCarolynHugh

Scores at the end of the Double Jeopardy! Round:

Jim Carolyn Hugh
$9,600 $5,800 $8,100

Final Jeopardy! Round responses

1991
(Alex: The man who founded CNN.)
CarolynWho is Ted Turner?
$5,000
HughWho is Turner?
$3,000
JimWho is Ted Turner
$1,000
Ted Turner

Final scores:

Jim Carolyn Hugh
$10,600 $10,800 $11,100
3rd place: $1,000 if eliminated 2nd place: $1,000 if eliminated Automatic semifinalist

Game dynamics:

Coryat scores:

Jim Carolyn Hugh
$8,200 $5,800 $7,900
21 R
(including 2 DDs),
4 W
19 R,
3 W
16 R
(including 1 DD),
0 W

Combined Coryat: $21,900

[game clues] [game scores] [suggest correction]

Game tape date: 1992-02-24
The J! Archive is created by fans, for fans. Scraping, republication, monetization, and malicious use prohibited; this site may use cookies and collect identifying information. See terms. The Jeopardy! game show and all elements thereof, including but not limited to copyright and trademark thereto, are the property of Jeopardy Productions, Inc. and are protected under law. This website is not affiliated with, sponsored by, or operated by Jeopardy Productions, Inc. Join the discussion at JBoard.tv.